000 00599pam a2200229 i 4500
001 375572
005 20180308050117.0
008 780907s1979 nyu b 001 0 eng
010 _a 78019808
020 _a0465001831 :
_c$16.00.
_a046500184X
_c$6.95
040 _aDLC
_cDLC
_dDLC
041 _aeng
043 _an-us---
080 _a353.0313 PIO
082 0 0 _a353.0313 PIO
100 1 _a20
101 _aPOL
245 1 4 _aThe American Presidency /
_cRichard M. Pious.
504 _aBibliography: p. [436]-443.
906 _a7
_bcbc
_corignew
_d1
_eocip
_f19
_gy-gencatlg
942 _2ddc
_cBK
999 _c44442
_d44442